| 000 | 00682nas a2200229 i 4500 | ||
|---|---|---|---|
| 001 | 546 | ||
| 003 | ES-MaACL | ||
| 005 | 20250807062528.0 | ||
| 007 | t| | ||
| 008 | 950801d18361848xxk | | 1 ||ng d | ||
| 245 | 0 | 4 |
_aThe British and Foreign medical review / _cedited by Tohn Forbes and John Conolly. |
| 260 |
_aLondon : _bSherwood Gilbert and Piper etc, _c1836-1848 ( _fJ. and C. Adlard) |
||
| 300 |
_av ; _c22 cm. |
||
| 310 | _aTrimestral | ||
| 362 | 0 | _aV. I (1836)-(1848) | |
| 650 | 1 | 7 |
_aMedicina _2embne _914891 |
| 700 | 1 |
_aForbes, Tohn. _951675 |
|
| 700 | 1 |
_aConolly, John, _eed. lit. _9227463 |
|
| 852 |
_aES-MaACL _jG-2725-30 |
||
| 866 | 1 | _o1836-38. | |
| 999 |
_c546 _d546 |
||